Statistics for World Capitals in Alphabetical Order

Click here to take the quiz!

General Stats

  • This quiz has been taken 1,002 times
    (481 since last reset)
  • The average score is 116 of 200

Answer Stats

LetterCountryCapital% Correct
NNigeriaAbuja
95%
EEthiopiaAddis Ababa
94%
UUnited Arab EmiratesAbu Dhabi
93%
JJordanAmman
93%
GGhanaAccra
92%
AAlgeriaAlgiers
91%
NNetherlandsAmsterdam
91%
KKazakhstanAstana
89%
TTurkeyAnkara
87%
IIraqBaghdad
84%
HHungaryBudapest
83%
AAndorraAndorra la Vella
82%
MMadagascarAntananarivo
82%
GGreeceAthens
82%
QQatarDoha
82%
RRomaniaBucharest
81%
PParaguayAsunción
80%
VVenezuelaCaracas
80%
TTurkmenistanAshgabat
79%
CChinaBeijing
78%
EEgyptCairo
77%
CCroatiaZagreb
77%
GGermanyBerlin
76%
KKyrgyzstanBishkek
76%
SSouth AfricaBloemfontein
76%
SSlovakiaBratislava
76%
SSouth AfricaCape Town
76%
EEritreaAsmara
75%
BBrazilBrasília
75%
BBelgiumBrussels
75%
AArgentinaBuenos Aires
74%
AAzerbaijanBaku
73%
MMaliBamako
73%
DDenmarkCopenhagen
73%
IIrelandDublin
73%
SSamoaApia
72%
LLebanonBeirut
72%
DDjiboutiDjibouti
72%
SSwitzerlandBern
70%
ZZimbabweHarare
70%
CColombiaBogotà
69%
AAustraliaCanberra
69%
FFinlandHelsinki
69%
IIsraelJerusalem
69%
ZZambiaLusaka
69%
JJamaicaKingston
68%
UUnited StatesWashington D.C.
68%
RRepublic of the CongoBrazzaville
67%
SSenegalDakar
67%
PPortugalLisbon
67%
SSouth AfricaPretoria
67%
BBruneiBandar Seri Begawan
66%
IIndonesiaJakarta
66%
FFranceParis
66%
NNew ZealandWellington
66%
TThailandBangkok
65%
CCentral African RepublicBangui
65%
GGambiaBanjul
65%
SSerbiaBelgrade
65%
BBelizeBelmopan
65%
BBoliviaLa Paz
65%
AAngolaLuanda
64%
UUruguayMontevideo
64%
OOmanMuscat
64%
YYemenSana'a
64%
SSaint Vincent & the GrenadinesKingstown
63%
UUnited KingdomLondon
63%
IItalyRome
63%
VVatican CityVatican City
63%
BBeninCotonou
62%
TTajikistanDushanbe
62%
VVietnamHanoi
62%
UUgandaKampala
62%
RRwandaKigali
62%
AArmeniaYerevan
62%
SSaint Kitts & NevisBasseterre
61%
SSyriaDamascus
61%
TTanzaniaDodoma
61%
UUkraineKyiv
61%
SSpainMadrid
60%
CCanadaOttawa
60%
IIcelandReykjavík
60%
NNamibiaWindhoek
60%
GGuinea-BissauBissau
59%
PPakistanIslamabad
59%
SSaint LuciaCastries
58%
EEast TimorDili
58%
GGuyanaGeorgetown
58%
LLuxembourgLuxembourg
58%
MMaldivesMalé
58%
RRussiaMoscow
58%
HHaitiPort-au-Prince
58%
PPolandWarsaw
58%
BBangladeshDhaka
57%
DDemocratic Republic of the CongoKinshasa
57%
KKuwaitKuwait City
57%
KKenyaNairobi
57%
SSan MarinoSan Marino
57%
BBoliviaSucre
57%
CCameroonYaoundé
57%
BBarbadosBridgetown
56%
MMoldovaChișinău
56%
SSouth SudanJuba
56%
PPeruLima
56%
LLaosVientiane
56%
NNauruYaren
56%
GGuatemalaGuatemala City
55%
CCubaHavana
55%
MMalawiLilongwe
55%
PPhilippinesManila
55%
MMexicoMexico City
55%
TTrinidad & TobagoPort-of-Spain
55%
DDominican RepublicSanto Domingo
55%
JJapanTokyo
55%
LLiechtensteinVaduz
55%
BBotswanaGaborone
54%
SSudanKhartoum
54%
LLithuaniaVilnius
54%
SSierra LeoneFreetown
53%
SSolomon IslandsHoniara
53%
AAfghanistanKabul
53%
BBahrainManama
53%
BBelarusMinsk
53%
DDominicaRoseau
53%
MMaltaValletta
53%
IIvory CoastYamoussoukro
53%
NNicaraguaManagua
52%
NNorwayOslo
52%
EEcuadorQuito
52%
LLatviaRiga
52%
GGuineaConakry
51%
TTuvaluFunafuti
51%
NNepalKathmandu
51%
TTogoLomé
51%
MMongoliaUlaanbaatar
51%
MMalaysiaKuala Lumpur
50%
SSloveniaLjubljana
50%
MMozambiqueMaputo
50%
MMonacoMonaco
50%
IIndiaNew Delhi
50%
PPanamaPanama City
50%
VVanuatuPort Vila
50%
KKosovoPristina
50%
MMoroccoRabat
50%
SSaudi ArabiaRiyadh
50%
CCosta RicaSan José
50%
SSouth KoreaSeoul
50%
UUzbekistanTashkent
50%
IIranTehran
49%
AAustriaVienna
49%
PPapua New GuineaPort Moresby
48%
BBeninPorto-Novo
48%
SSwedenStockholm
48%
BBurundiGitega
47%
EEl SalvadorSan Salvador
47%
EEstoniaTallinn
47%
HHondurasTegucigalpa
47%
LLesothoMaseru
46%
NNigerNiamey
46%
CCzech RepublicPrague
46%
NNorth KoreaPyongyang
46%
EEquatorial GuineaMalabo
45%
SSomaliaMogadishu
45%
CChileSantiago
45%
TTunisiaTunis
45%
MMontenegroPodgorica
44%
MMarshall IslandsMajuro
43%
AAntigua & BarbudaSaint John's
43%
AAlbaniaTirana
43%
GGabonLibreville
42%
EEswatiniMbabane
42%
CComorosMoroni
42%
SSurinameParamaribo
42%
CCape VerdePraia
42%
GGrenadaSaint George's
42%
FFijiSuva
42%
LLibyaTripoli
42%
SSeychellesVictoria
42%
LLiberiaMonrovia
41%
MMauritaniaNouakchott
41%
FFederated States of MicronesiaPalikir
41%
SSão Tomé & PrincipeSão Tomé
40%
SSingaporeSingapore
39%
BBhutanThimphu
39%
CCambodiaPhnom Penh
38%
MMauritiusPort Louis
38%
TTaiwanTaipei
38%
CCyprusNicosia
37%
BBurkina FasoOuagadougou
37%
NNorth MacedoniaSkopje
37%
BBulgariaSofia
35%
SSri LankaSri Jayawardenepura Kotte
35%
BBosnia & HerzegovinaSarajevo
34%
GGeorgiaTbilisi
34%
CChadN'Djamena
32%
BBahamasNassau
31%
MMyanmarNaypyidaw
31%
KKiribatiSouth Tarawa
30%
PPalauNgerulmud
29%
TTongaNuku'alofa
28%

Score Distribution

Percentile by Number Answered

Percent of People with Each Score

Your Score History

You have not taken this quiz since the last reset